| 000 | 00367 a2200109 4500 | ||
|---|---|---|---|
| 245 |
_aFine Art of surfacing _hSound Recording |
||
| 650 | _aliterature | ||
| 005 | 20191017172354.0 | ||
| 260 |
_anyu _bColumbia _cp1979 |
||
| 084 | _aColumbia JC 36248 | ||
| 300 |
_a1 sound disc : analog, 33 1/3 rpm, stereo. _b 12 in _c1 sound disc : analog, 33 1/3 rpm, stereo. ; 12 in |
||
| 500 | _aDurations on labels. | ||
| 999 |
_c8799 _d8799 |
||